[Event "Satka Autumn op (Women)"]
[Site "Satka"]
[Date "2019.09.24"]
[Round "6"]
[White "Voskresenskaya, Marta"]
[Black "Zaitseva, Arina"]
[Result "1-0"]
[WhiteElo "1907"]
[BlackElo "1120"]
[PlyCount "109"]
[EventDate "2019.09.19"]
[EventType "swiss"]
[EventRounds "9"]
[EventCountry "RUS"]
[SourceTitle "EXT 2020"]
[Source "ChessBase"]
[SourceDate "2019.10.17"]
[SourceVersion "1"]
[SourceVersionDate "2019.10.17"]
[SourceQuality "1"]

1. d4 Nf6 2. Nf3 g6 3. c4 Bg7 4. Nc3 0-0 5. Bg5 h6 6. Bh4 d5 7. Bxf6 Bxf6 8. Nxd5 Bg7 9. e3 c6 10. Nc3 Bf5 11. Bd3 Bxd3 12. Qxd3 c5 13. Rd1 cxd4 14. exd4 Nc6 15. 0-0 Nb4 16. Qe4 Qd7 17. Ne5 Qc7 18. a3 Na6 19. Nd5 Qd6 20. Rfe1 e6 21. Nc3 Qc7 22. Nb5 Qe7 23. b4 Rfc8 24. c5 b6 25. Nd6 Rf8 26. Ndxf7 Rab8 27. Nd6 Qf6 28. f3 Nc7 29. Nd7 Qe7 30. Nxb8 Rxb8 31. Qxg6 Qd7 32. Ne4 Nd5 33. Ng3 Nf6 34. Nh5 Nxh5 35. Qxh5 Bxd4+ 36. Kh1 bxc5 37. bxc5 Qg7 38. Rxe6 Kh7 39. Qf5+ Kh8 40. Qf4 Rd8 41. Qxh6+ Qxh6 42. Rxh6+ Kg7 43. Rd6 Rb8 44. R6xd4 Rb7 45. Rd7+ Rxd7 46. Rxd7+ Kf6 47. c6 Ke6 48. Rd2 a6 49. c7 a5 50. c8Q+ Ke7 51. Qd7+ Kf6 52. Rd6+ Ke5 53. Qe6+ Kf4 54. Qe4+ Kg5 55. Qg4# 1-0

[Event "Satka Autumn op (Women)"]
[Site "Satka"]
[Date "2019.09.21"]
[Round "3"]
[White "Zaitseva, Arina"]
[Black "Akzigitova, Azaliia"]
[Result "1-0"]
[WhiteElo "1120"]
[BlackElo "1132"]
[PlyCount "120"]
[EventDate "2019.09.19"]
[EventType "swiss"]
[EventRounds "9"]
[EventCountry "RUS"]
[SourceTitle "EXT 2020"]
[Source "ChessBase"]
[SourceDate "2019.10.17"]
[SourceVersion "1"]
[SourceVersionDate "2019.10.17"]
[SourceQuality "1"]

1. c4 e5 2. Nc3 Nf6 3. g3 Bc5 4. Bg2 0-0 5. d3 h6 6. Nf3 Nc6 7. 0-0 d6 8. Bd2 Re8 9. Rb1 a5 10. a3 Bb6 11. b4 axb4 12. axb4 Nd4 13. e3 Nc6 14. b5 Ne7 15. Na4 Ba7 16. Ba5 b6 17. Nxe5 Rb8 18. Nc6 Nxc6 19. Bxc6 Re7 20. Bc3 Re6 21. Bd2 Bd7 22. Bg2 Rc8 23. Nc3 Re8 24. Qa4 Bf5 25. e4 Bg6 26. Qxa7 Ra8 27. Qb7 Re6 28. Ra1 Rb8 29. Qa7 Ra8 30. Qxa8 Qxa8 31. Rxa8+ Kh7 32. Bh3 Re7 33. Ra7 Ne8 34. Bf4 Nf6 35. Bxd6 Re8 36. Bxc7 Rf8 37. Bxb6 Rb8 38. Be3 Ne8 39. b6 Nd6 40. Bf4 Rd8 41. Nb5 Rb8 42. b7 Rd8 43. Bxd6 f6 44. Bc7 Re8 45. Ra8 Re7 46. b8Q Re8 47. Qb7 Re7 48. Qd5 Bf7 49. Bf5+ g6 50. Bxg6+ Kxg6 51. Qf5+ Kg7 52. Nd6 Bg6 53. Qg4 Rxc7 54. Ne8+ Kf7 55. Nxc7 Kg7 56. Qd7+ Bf7 57. Ne6+ Kg6 58. Nf4+ Kg7 59. Qe7 h5 60. Qf8+ Kh7 1-0